| 000 | 00898cab a2200241 4500 | ||
|---|---|---|---|
| 001 | WB2630-05 | ||
| 008 | 090401t1990 xxu||||| |||| 00| 0 eng d | ||
| 035 | _a(Sirsi) u28995 | ||
| 041 | _aeng | ||
| 245 | _aDefective house | ||
| 260 | _c1990 | ||
| 350 | _a0 | ||
| 490 |
_aTimes _v27/7/90 p29 (2) |
||
| 520 | _aMurphy v Brentwood DC HL 26 July 1990. The HL allowed an appeal by the council that they were not liable for the cost of remedial work to a house, to correct defects due to a concrete raft not well designed but approved by the council on the advice of consulting engineers . Referred to Anns v Merton LBC 1978 AC 728 but departed from this decision. | ||
| 650 |
_aBUILDING CONTROL _96222 |
||
| 650 | _aDESIGN | ||
| 650 | _aINDEPENDENT CONTRACTORS | ||
| 650 | _aLIABILITY | ||
| 650 | _aLOCAL AUTHORITIES | ||
| 690 | _aBUILT ENVIRONMENT | ||
| 942 | _n0 | ||
| 948 | _c04/03/1997 | ||
| 999 |
_c19513 _d19513 |
||